| 000 | 00885nam a22002657a 4500 | ||
|---|---|---|---|
| 001 | 8867 | ||
| 003 | FISKH | ||
| 005 | 20251117135335.0 | ||
| 008 | 251024b cb ||||| |||| 00| 0 eng d | ||
| 020 | _a9780516273761 | ||
| 040 |
_aFISKH _beng _cFISKH _dFISKH |
||
| 050 | _aE176 .M19 | ||
| 082 | _a394.261 | ||
| 100 |
_aMarx, David F. _eAuthor |
||
| 245 |
_aPresidents' day : _bRookie read-about holidays / _cBy David F. Marx |
||
| 260 |
_aNew York : _bChildren's Press , _c2002 |
||
| 300 |
_a31 pages : _bcolor illustrations ; _c18 cm |
||
| 505 | _aP | ||
| 520 | _aDiscusses the holiday known as Presidents' Day and the significant achievements of those presidents whom it honors, George Washington and Abraham Lincoln. | ||
| 521 | 8 |
_a630
_bLexile |
|
| 521 | 8 |
_aP
_bRaz-Plus |
|
| 650 |
_aHolidays _vFebruary - President's day |
||
| 942 |
_2ddc _cBK _n0 |
||
| 999 |
_c8867 _d8867 |
||